000 00406cam a2200169ua 4500
020 _c0.35
041 _ahin
_h
082 _a891.54
_bGAN/EJ
100 _aGandhi, M K.
245 _aEisa Merinajarmem /
_cGandhiji.
_hTextual Documents
260 _aAhamadabad :
_bNavjeevan prakashan mandir ,
_c1960.
300 _a55 ; .
365 _a0.35
504 _a
942 _cBK
999 _c12500
_d12500